El arte de vivir en el nuevo milenio

Gorde:
Xehetasun bibliografikoak
Egile nagusia: Dalai Lama (Egilea)
Formatua: Liburua
Hizkuntza:gaztelania
Argitaratua: Barcelona Grijalbo 2000
Saila:Colección Revelaciones
Gaiak:
Etiketak: Etiketa erantsi
Etiketarik gabe, Izan zaitez lehena erregistro honi etiketa jartzen!

MARC

LEADER 00000nam a2200000 a 4500
001 UCO4370
003 CL-VaPUC
008 000804e20000000SP |||||||||||||||||spa|d
082 0 4 |a 181  |b DAL  |2 21 
100 0 |a Dalai Lama  |e author  |9 443439 
245 1 3 |a El arte de vivir en el nuevo milenio 
300 |a 246 p 
942 |c BK 
945 |d 20000804 00:00:00  |a rbrito 
260 |a Barcelona  |b Grijalbo  |c 2000 
650 0 |a Filosofía oriental  |9 319113 
650 0 |a Ética  |9 255099 
650 0 |a Valores sociales  |9 309627 
583 |a last modification  |c 20000804 00:00:00  |k Rodrigo Vera 
490 0 |a Colección Revelaciones 
999 |c 290420  |d 290418 
952 |0 0  |1 0  |4 0  |6 181_000000000000000_DAL_2000  |7 0  |8 A  |9 339811  |a BIBGIM  |b BIBGIM  |d 2019-11-20  |i 3635473  |o 181 DAL 2000  |p 3635473  |r 2025-01-15  |w 2019-11-20  |y BK  |k ORI 
952 |0 0  |1 0  |4 0  |6 181_000000000000000_DAL_2000  |7 0  |8 A  |9 339812  |a BIBEDU  |b BIBEDU  |d 2019-11-20  |i 3749932  |o 181 DAL 2000  |p 3749932  |r 2019-11-20  |w 2019-11-20  |y BK  |k CUE